00921nam a2200229Ia 4500003000900000008004100009020001800050040001600068080002300084111007500107245024800182260004800430300001500478490002700493650004100520650001100561650001400572650002200586650002200608700002400630710003700654IN-BaIIA211028s9999 xx 000 0 eng d a0-521-37023-X cIIA Library a082.2:52bIAU-C111 aInternational Astronomical Union ColloquiumcNebraskad1988 Aug. 15-17 4aThe use of pulsating stars in fundamental problems of astronomybproceedings of the International Astronomical Union Colloquium No.111 held in Nebraska, Aug. 15-17, 1988cedited by E. G. Schmidt  aCambridgebCambridge University Pressc1989 avii, 288p. aIAU colloquium; no.111 aAstronomy and Astrophysics Thesaurus aGalaxy aMilky Way aStellar Evolution aStellar Pulsation aSchmidt, E. G., ed. aInternational Astronomical Union